000 00585cam a22002291 4500
001 sa 68007305
003 DLC
005 20260227112522.0
008 890712s1968 ii 000 1 maro
010 _asa 68007305
035 _a(OCoLC)19997807
040 _aDLC
_cWaU
_dDLC
042 _apremarc
050 0 0 _aPK2418.D26
_bH3
100 1 _aDāṇḍekara, Gopāla Nīlakaṇṭha,
_d1917-
245 1 0 _aHara hara Mahādeva.
260 _c[1968]
300 _a382 p.
_c19 cm.
500 _aIn Marathi.
500 _aA novel.
600 0 0 _aShivaji,
_cRaja,
_d1627-1680
_vFiction.
999 _c81794
_d81794